Diseño y elaboración de manuales para realizar los ejercicios de rehabilitación de niños con distrofia muscular en casa /

Guardado en:
Detalles Bibliográficos
Autor principal: Remus Preciado, Nikolás (autor)
Formato: Tesis Libro
Idioma:Español
Temas:
Etiquetas: Agrega una etiqueta
Sin etiquetas, Sé el primero en etiquetar este registro!

MARC

LEADER 00000nam^a2200000^a^4500
001 000189022
005 20250521000000.0
009 20260310102357.724
037 |a Acervo ITESO - Biblioteca 
041 |a ESP 
090 |a DIS. 108 
100 |a Remus Preciado, Nikolás  |e (autor) 
245 1 0 |a Diseño y elaboración de manuales para realizar los ejercicios de rehabilitación de niños con distrofia muscular en casa /  |c N. Remus Preciado. 
264 |a Guadalajara, México :  |b edición de autor,  |c 2006 
300 |a 1 disco compacto de computadora 
336 |a datos para computadora  |b cod  |2 rdacontenido 
337 |a computadora  |b c  |2 rdamedio 
338 |a disco de computadora  |b cd  |2 rdasoporte 
502 |a ITESO Tesis de Licenciatura en Diseño 
649 |a XX 
650 |a Niños -  |x Cuidado e Higiene 
650 |a Distrofia Muscular -  |x Rehabilitación 
650 |a Músculos -  |x Enfermedades 
650 |a Fisioterapia 
650 |a Terapéutica Fisiológica 
650 |a Infografía 
650 |a Catálogos -  |x Tema Principal 
650 |a Diseño Editorial 
650 |a Diseño Gráfico 
650 |a Comunicación Visual 
910 |a Fondo General 
920 |a Electrónicos - Tesis del ITESO en Disco 
905 |a 202 
901 |a 0500131877  |b IT2  |c STS  |u 20250521 
902 |a https://opac.biblio.iteso.mx/vufind/Record/000189022